书目信息

书名: 大渡魂 
作者: 顾汶光
出版信息: 贵阳   贵州人民出版社  1984.01
开本页数: 19cm  294页
丛书名:
单 册:
中图分类: I247.5 I24
科图分类:
主题词:
电子资源:
ISBN:
000 00533nam2 2200205 45
001 0000088683
005 20060302144422.60
010    @dCNY0.98
100    @a19940802d1984 em ea
101 @achi
102    @aCN@b520000
105    @ay z 000yy
200 @a大渡魂@f顾汶光著@Ada du hun@Fgu shu guang zhu
210    @a贵阳@c贵州人民出版社@d1984.01
215    @a294页@c有插图@d19cm
690    @aI247.5
690    @aI24@v3
701  0 @a顾汶光@Agu shu guang@4著
801    @aCN@bNiSoft@c20060302
905    @a10447@dI24@e754
    
    大渡魂/顾汶光著.-贵阳:贵州人民出版社,1984.01
    294页:有插图;19cm
    
    
    ISBN :CNY0.98
    
相关链接 在五车中查询图书 在当当中查询图书 在豆瓣中查询图书


正题名:大渡魂     索取号:I24/754         预约/预借

序号 登录号 条形码 馆藏地/架位号 状态 备注
1 56479   200564790   海科密-1楼/30架13列7层/ [索取号:I24/754] 在馆    
2 69225   200692250   海科密-1楼/35架1列1层/ [索取号:I24/754] 在馆    
3 69226   200692269   海科密-1楼/34架12列7层/ [索取号:I24/754] 在馆